|
|
|
|
| LEADER |
00000nam0a2200000 4500 |
| 001 |
295450 |
| 005 |
20231102000817.0 |
| 020 |
|
|
|a RU
|b 84-41175
|
| 035 |
|
|
|a (RuTPU)RU\TPU\book\320528
|
| 090 |
|
|
|a 295450
|
| 100 |
|
|
|a 20150522d1984 m y0rusy5003 ca
|
| 101 |
0 |
|
|a rus
|
| 102 |
|
|
|a RU
|
| 105 |
|
|
|a a z 001zy
|
| 200 |
1 |
|
|a Механизация производственных процессов на алюминиевых заводах
|f А. И. Коркунов
|
| 210 |
|
|
|a Москва
|c Металлургия
|d 1984
|
| 215 |
|
|
|a 113 с.
|c схем.
|d 21 см
|
| 225 |
1 |
|
|a Библиотечка молодого рабочего цветной металлургии
|
| 320 |
|
|
|a Библиогр.: с. 112
|
| 606 |
|
|
|a Алюминиевое производство
|x Механизация
|2 stltpush
|3 (RuTPU)RU\TPU\subj\21865
|9 46783
|
| 610 |
1 |
|
|a внутризаводской транспорт
|
| 610 |
1 |
|
|a складское хозяйство
|
| 610 |
1 |
|
|a электролизные корпуса
|
| 610 |
1 |
|
|a механизированные производственные процессы
|
| 610 |
1 |
|
|a алюминий
|
| 610 |
1 |
|
|a передел
|
| 610 |
1 |
|
|a оборудование
|
| 610 |
1 |
|
|a ремонт
|
| 610 |
1 |
|
|a вспомогательное производство
|
| 610 |
1 |
|
|a трудоемкие работы
|
| 675 |
|
|
|a 669.71.013
|z rus
|v 4
|
| 700 |
|
1 |
|a Коркунов
|b А. И.
|g Александр Иванович
|4 070
|
| 801 |
|
0 |
|a RU
|b RuMRKP
|c 19950704
|g psbo
|
| 801 |
|
1 |
|a RU
|b 63413507
|c 20150522
|
| 801 |
|
2 |
|a RU
|b 63413507
|c 20181113
|g RCR
|
| 942 |
|
|
|c BK
|